000 00581nam a22002177a 4500
003 UA-OsUOA
001 45813
007 ta
008 20070516b un ||||| |||| 00| 0 ukr d
090 _a268(075)
_bО-75
942 _cBK
040 _aUA-OsUOA
_bukr
_cUA-OsUOA
_dUA-OsUOA
245 _aОснови християнської етики
_bЗошит для учня
300 _a63 с.
955 _a2
041 _aukr
080 _a268(075)
260 _aОстрог
_c2007
650 7 _a26 Християнська Церква загалом
_2UDC
999 _c331911
_d331911